[Event "WchT 8th"]
[Site "Ningbo"]
[Date "2011.07.23"]
[Round "6.1"]
[White "Karjakin, Sergey"]
[Black "Ivanchuk, Vassily"]
[Result "1/2-1/2"]
[WhiteElo "2788"]
[BlackElo "2768"]
[Annotator "Marin,M"]
[PlyCount "73"]
[EventDate "2011.07.17"]
[EventType "team-tourn"]
[EventRounds "9"]
[EventCountry "CHN"]
[SourceTitle "CBM 144"]
[Source "ChessBase"]
[SourceDate "2011.09.16"]
[SourceVersion "1"]
[SourceVersionDate "2011.09.16"]
[SourceQuality "1"]
[WhiteTeam "Russia"]
[BlackTeam "Ukraine"]
[WhiteTeamCountry "RUS"]
[BlackTeamCountry "UKR"]

1. e4 d6 2. d4 Nf6 3. Nc3 g6 4. f4 Bg7 5. Nf3 O-O 6. Bd3 Nbd7 $5 {This
unfashionable move was introduced more than a century ago by one of the main
pioneers of all kind of semi-open games, Louis Paulsen. It is curious that
theory connects his name with the Sicilian line based on ...e6, when actually
the fianchetto (Dragon, Pirc) seemed to be more to his taste.} ({It is
understandable that Ivanchuk deviated fom his recent game against the same
player, which ended in a complete disaster:} 6... Na6 {Karjakin,S (2776)
-Ivanchuk,V (2776)/Medias/Bazna 2011 (1-0, 22)}) 7. O-O {This neutral move
should not face Black with too many problems.} ({The critical line is} 7. e5
Ne8 8. e6 $5 {A very dangerous move, but not the only one so. I took it as the
main line for sentimental reasons: it was used by my first ever trainer!} (8.
O-O c5 9. exd6 $6 Nxd6 10. dxc5 $6 Nxc5 {offered Black a dream position in the
historical game Weiss,M-Paulsen,L/Nuremberg 1883/HCL (0-1, 39)}) (8. Ne4 {
is solid, but not too threatening, as I had the occasion to find out in my
only experience with this line:} c5 9. c3 Qb6 10. Qe2 Nc7 11. dxc5 Nxc5 12.
Nxc5 Qxc5 13. Be3 Qa5 14. O-O Nd5 15. Bd2 Bg4 16. Kh1 Qc7 17. h3 Bxf3 18. Qxf3
e6 19. exd6 Qxd6 $11 {Ronchetti,N (2414)-Marin,M (2556)/Reggio Emilia 2008/ (1/
2, 26)}) (8. h4 $5 c5 9. e6 {is another dangerous attacking attempt:} fxe6 {
Starostits,I (2460)-Bosshard,R (1776)/Neuchatel 2004/CBM 100 ext (1-0, 55)} 10.
h5 $40) 8... fxe6 9. Ng5 Ndf6 10. h4 $40 {The extra e6-pawn prevents Black
from communicating between his opposite wings and the simple advance of the
h-pawn is not easy to meet.} e5 $2 {But this is too much already.} 11. dxe5 Bg4
12. Be2 Bxe2 13. Nxe2 dxe5 14. Qxd8 Rxd8 15. Ne6 $18 {Pavlov,M-Westman,J/
Krakow 1964/EXT 2000 (1-0, 45)}) 7... e5 8. dxe5 ({Against} 8. fxe5 dxe5 9. d5
{I had prepared something like} Ne8 $1 ({Despite my huge respect for Portisch,
I did not like his way of treating this position:} 9... c6 $6 10. dxc6 bxc6 11.
Kh1 Qe7 12. b3 Nh5 13. a4 Nf4 14. Ba3 $16 {Matulovic,M-Portisch,L/Skopje 1968/
MCD (1/2, 41)}) 10. Ne2 Nd6 11. c4 f5 $132) 8... dxe5 9. f5 {Black has to be
prepared for this kind of classic attack. Although White's play seems a bit
slow (Bg5, Qe1-h4) the threats could become very dangerous if not taken into
account in advance.} (9. fxe5 {helps Black to complete his development:} Nxe5
10. Nxe5 Qd4+ 11. Kh1 Qxe5 12. Bf4 Qc5 13. Qf3 Be6 (13... c6 14. e5 Ng4 15. Ne4
Qe7 16. Rae1 Nxe5 17. Qg3 $44 Bf5 $6 18. Nf2 $16 {Nadig,K (2213)-Movsziszian,K
(2536)/Sort 2008/CBM 125 Extra (1/2, 59)}) 14. Nb5 (14. Be3 Qh5 15. Qg3 c6 16.
Be2 Qa5 17. Rad1 Nd7 $15 {Larsen,B-Bouwmeester,H/Copenhagen 1952}) (14. e5 Ng4
15. Ne4 Qd5 16. c4 Qc6) 14... Ne8 15. Be3 Qe7 16. c3 c5 17. Qf2 b6 18. a4 Rd8
19. Qe2 Be5 $15 {Relange,E (2295)-Bernard,C (2365)/France 1993/TD (0-1, 30)})
9... Nc5 $146 ({I had as a model the following game:} 9... c6 10. Kh1 b5 11.
Bg5 Bb7 12. Qe1 h6 13. Bd2 (13. Bh4 $5) 13... Nh5 14. a4 $6 {After this
premature pawn break, White's position will explode.} (14. Rd1 Qe7 15. a4 a6
$13) 14... Nc5 15. Be2 b4 16. Nd1 (16. Be3 Qe7 17. Na2 Nxe4 18. fxg6 fxg6 19.
Nxb4 Nf4 20. Bc4+ Kh7 21. Rd1 a5 22. Nd3 c5 $132) (16. fxg6 bxc3 17. gxf7+ Rxf7
18. Bxc3 Qe8 19. Bc4 Ba6 20. Bxf7+ Qxf7 $13) 16... Nxe4 17. Bxb4 (17. fxg6 c5
$13) 17... c5 18. Ba5 Qe7 19. Ne3 Nf4 20. Bc4 Nd6 21. fxg6 Nxc4 22. Nxc4 fxg6
$17 {Zapata,A (2410)-Motwani,P (2200)/Mexico 1980/MCD (1/2, 37)}) 10. Bg5 Nxd3
11. Qxd3 {A curious decision. By exchanging queens, White aims to weaken the
defence of the f6-knight.} (11. cxd3 {can be answered with} gxf5 12. exf5 (12.
Nd5 {leads nowhere after} c6 13. Nxf6+ Bxf6 14. Bh6 Re8 $15) 12... Bxf5 {
, since the knight is safely defended and there is no real pin along the
f-file.} 13. d4 $1 (13. Qe1 Re8 14. Qh4 Bxd3 15. Rad1 e4 16. Ne1 Re6 $15) 13...
exd4 14. Nxd4 Bg6 15. Nf5 Qxd1 16. Raxd1 Bxf5 17. Rxf5 Ng4 18. Rd7 $44 {
White has obvious compensation for the pawn, but it may suffice for a draw
only.}) 11... Qxd3 12. cxd3 c6 (12... gxf5 $6 13. exf5 $14 Bxf5 $2 14. Ne1 $18)
13. Rae1 {Creating the threat of Nxe5.} (13. Nxe5 Nxe4 $1 $11) 13... Nd7 {
A first consequence of the queen exchange. The knight must retreat.} (13... Re8
14. fxg6 fxg6 15. Nxe5 $1) 14. g4 {Maybe not an attacking move, but just
consolidating f5.} (14. Be7 Re8 15. Bd6 {does not disturb Black's natural
development after} b6) 14... b6 15. Rf2 Re8 $11 {Black has no special problems,
but I have the feeling that from this moment on Ivanchuk starts playing
without a clear plan.} 16. Rd2 Bf8 {I do not understand the meaning of this
move.} ({I would prefer some normal development like} 16... Bb7 17. Kg2 Nf6 18.
h3 Rad8 {, possibly followed by ...c5. The fact is that White's main threat is
d3-d4 and, on the other hand, his main weakness is the d3-pawn.}) 17. Kg2 a5 {
Also a bit mysterious. He just ignores the dangers in the centre.} 18. d4 f6
19. Be3 exd4 20. Bxd4 {White has some initiative now.} b5 21. h3 Ra6 22. Red1
Be7 $6 (22... b4 $5 23. Na4 Rxe4 24. fxg6 hxg6 25. Bf2 Re7 26. Nc5 Ra7 (26...
Nxc5 27. Bxc5 Rf7 28. Rd8 Ra8 29. g5 $36) 27. Ne6 c5 28. Nxc5 Rc7 $11) 23. Bf2
Nb6 24. Ne2 Nc4 25. Rc2 Bf8 26. Ng3 c5 (26... a4 $5) 27. b3 (27. a4 $1 $14)
27... Nd6 $6 (27... Na3 28. Rcd2 Be7 $132 {[%csl Gd6,Gd7,Gd8][%cal Gc5c4]}) 28.
Rxc5 Bb7 29. Rc7 Ba8 (29... Bxe4 30. Nxe4 Rxe4 (30... Nxe4 31. Rdd7 $36) 31.
fxg6 hxg6 32. Nh4 $36) 30. Bc5 b4 31. Rd7 $6 {Looks like a blunder.} (31. Bxd6
Bxd6 32. Rd7 Bxg3 33. Kxg3 Bxe4 34. Nd4 $14) 31... Nxf5 $1 $11 32. Nxf5 (32.
Rd8 Bc6) 32... Bxc5 33. Nh6+ Kh8 34. Nf7+ Kg8 35. Nh6+ Kh8 36. Nf7+ Kg8 37.
Nh6+ 1/2-1/2

[Event "EU-ch 8th"]
[Site "Dresden"]
[Date "2007.04.06"]
[Round "4"]
[White "Skoberne, Jure"]
[Black "Oleksienko, Mikhailo"]
[Result "0-1"]
[WhiteElo "2440"]
[BlackElo "2560"]
[Annotator "Marin,M"]
[PlyCount "72"]
[EventDate "2007.04.03"]
[EventType "swiss"]
[EventRounds "11"]
[EventCountry "GER"]
[SourceTitle "CBM 118"]
[Source "ChessBase"]
[SourceDate "2007.05.31"]
[SourceVersion "1"]
[SourceVersionDate "2007.05.31"]
[SourceQuality "1"]

1. e4 d6 2. d4 Nf6 3. Nc3 g6 4. f4 Bg7 5. Nf3 O-O 6. Bd3 Na6 7. O-O c5 8. d5
Rb8 9. Qe2 $5 {Although this has never been a topical variation, I know from
my own experience that it is not easy to meet. White refrains from the
standard attacking plan involving Qe1-h4 for the sake of increased central
control.} Nc7 10. a4 Bg4 $5 (10... a6 11. a5 b5 $6 {Naively following an older
game of my strong opponent.} (11... Bg4 {is likely to transpose to the game.})
12. axb6 Rxb6 13. Na4 Rb8 14. c4 e6 15. e5 Nfe8 16. Nc3 $1 {A strong novelty.}
({When taking up the Pirc as my main weapon against 1.e4, I had thoroughly
analysed the following game:} 16. exd6 $6 {An obvious concession, dictated by
the wish to win material.} Nxd6 17. Ne5 exd5 $3 18. Nc6 Qh4 19. Nxb8 Bd4+ 20.
Kh1 Re8 21. Qf3 dxc4 $44 {and White was happy with a draw in Dolmatov,
S-Gipslis,A/USSR 1985 (1/2-1/2, 43)}) 16... Bb7 17. Rd1 $1 $14 {This simple
move maintains White's advantage of space. In my analysis I had completely
overlooked it.} exd5 18. cxd5 Nxd5 19. Bxa6 Nxc3 20. bxc3 Bxf3 21. Qxf3 Qe7 {
Dolmatov,S (2585)-Marin,M (2525)/Calcutta 1999/CBM 069 ext (1-0, 39)} 22. Ba3
$14) 11. h3 Bxf3 12. Qxf3 a6 $1 $146 {The point behind inserting this move
will become clear slightly later.} (12... e6 13. Bd2 exd5 14. exd5 Nd7 15. Kh1
a6 16. a5 f5 17. Rae1 b5 18. axb6 Nxb6 19. b3 Kh8 20. Re2 Qd7 21. Rfe1 Bf6 22.
g4 $14 {Renaze,L (2276)-Chatalbashev,B (2561)/Creon 2004/CBM 101 ext (1-0, 86)}
) 13. a5 e6 14. dxe6 ({Now,} 14. Bd2 {is less efficient, because Black has the
b5-square at his disposal.} exd5 15. exd5 Qd7 16. Bc4 (16. f5 Nb5 17. Na4 Nd4 {
[%csl Gd5]}) 16... Nb5 {Once he activates this knight, Black can be content
with the outcome of the opening.} 17. Na4 Nd4 18. Qd3 Qf5 $132 19. Qxf5 Nxf5 {
[%cal Yh7h5]} 20. g4 Ne4 $36) 14... fxe6 15. Be3 Qe7 16. Bc4 $6 {This looks
like an active move, but in fact White moves for the second time with the same
piece before completing his development.} (16. f5 $6 {[%csl Ge5]} Nd7 $1) (16.
Kh1 $5) (16. Rad1 $5) 16... Nd7 $1 17. Rad1 (17. Qe2 $6 Bxc3 $1 18. bxc3 d5 19.
Ba2 c4 {[%csl Ga2] is anything but appealing for White. His bishop will most
likely spend the rest of the game on a2.}) 17... Ne5 ({Once the white rook has
abandoned the a-file,} 17... b5 18. axb6 Nxb6 {comes into consideration, with
the aim of making the c4-bishop feel uncomfortable.}) 18. Qe2 Nc6 $132 {
[%csl Ga5,Gb4,Gd4] Black has achieved an optimal regroupment of pieces.} 19. f5
$5 {[%csl Ge5][%cal Rc4e6]} gxf5 (19... Nxa5 20. Bxe6+ Nxe6 21. Nd5 $44) 20.
exf5 d5 21. fxe6 $2 {Not the best form of sacrificing a piece.} (21. Ba2 $1 c4
(21... d4 22. fxe6 $36) 22. Bb6 $132 {[%csl Ya2,Rc4,Rd5,Re6] and Black might
have problems maintaining the integrity of his central chain.}) 21... dxc4 $17
22. Rxf8+ Qxf8 23. Qxc4 Ne5 (23... Qe7 $17) 24. Qe4 Nxe6 25. Rd5 Qf6 26. Rd6
Rd8 27. Rxd8+ Qxd8 28. Qxb7 Qxa5 29. Qd5 Qb6 30. Qa8+ Kf7 31. Qe4 Nd4 32. Qd5+
Qe6 33. Qxc5 Nxc2 34. Ne4 Qc6 35. Qa7+ Kg6 36. Ng3 Ne1 0-1

[Event "World Cup"]
[Site "Khanty-Mansiysk"]
[Date "2007.11.24"]
[Round "1.1"]
[White "Inarkiev, Ernesto"]
[Black "Peralta, Fernando"]
[Result "1/2-1/2"]
[WhiteElo "2674"]
[BlackElo "2546"]
[Annotator "Marin,M"]
[PlyCount "198"]
[EventDate "2007.11.24"]
[EventType "k.o."]
[EventRounds "7"]
[EventCountry "RUS"]
[SourceTitle "CBM 122"]
[Source "ChessBase"]
[SourceDate "2008.01.30"]
[SourceVersion "1"]
[SourceVersionDate "2008.01.30"]
[SourceQuality "1"]

1. e4 d6 2. d4 Nf6 3. Nc3 g6 4. f4 Bg7 5. Nf3 O-O 6. Be3 b6 7. Qe2 ({The
normal move order to reach the game variation is} 7. Qd2 Bb7) 7... Ba6 8. Qd2 (
{White gets nothing by giving play an independent character with} 8. Qf2 $6 {
, because after} Bb7 $1 {the queen is exposed on f2. For instance,} 9. e5 Ng4
$15 {leads to a loss of tempo for White compared to the normal lines.}) 8...
Bb7 9. e5 Ng4 10. O-O-O c5 11. dxc5 bxc5 $5 {I have introduced this move into
practice 6 and half years ago. Analysis had convinced me that "losing" a pawn
is the least evil in this position. In an case, Black should refrain from
prematurely exchanging his active minor pieces.} (11... Bxf3 $6 12. gxf3 Nxe3
13. Qxe3 bxc5 14. h4 $40) (11... Nxe3 $6 12. Qxe3 bxc5 13. h4 $40) 12. Bxc5 (
12. h4 {makes less sense now, because the g4-knight retsricts White's kingside
activity. Black could continue his development with} Nc6 $132) 12... Nd7 $5
$146 {Bravo! I always feel an aesthetic satisfaction when a novelty comes as a
developing move, ignoring such banal things like pawn tensions, attacked
pieces, etc. However, this does not mean that thinsg are entirely clear after
the game move.} (12... Qc7 $6 13. Bd4 Nc6 {is refuted by} 14. exd6 $1) ({
In the aforementioned game I played} 12... Qa5 13. Ba3 dxe5 {, which caused
some trend of fashion for a while.} {In my initial analysis, the main line
continued} 14. Nd5 $5 ({Illescas played} 14. h3 Bh6 15. Ng5 exf4 16. Nxf7 $1 (
16. hxg4 Bxg5 $17) 16... Rxf7 17. hxg4 Bg5 18. Ne4 $5 ({Later,} 18. Kb1 {
was tried, but in the nites to Charbonneau,P (2472)-Lahno,K (2472)/Montreal
2004/CBM 103/[Finkel,A] (1-0, 30) things are proven to be not that simple.})
18... Qxd2+ 19. Nxd2 {'/\Nf3+/=, /\Bc4} f3 $1 $132 {Illescas Cordoba,M (2585)
-Marin,M (2556)/Mondariz 2002/CBM 091 ext (1/2-1/2, 32)}) 14... Qxd2+ 15. Rxd2
Bxd5 16. Rxd5 {and it was tested in San Luis 2005. Later, Gershon analyzed it
extensively in his book on the Wch.} Ne3 ({I thought that} 16... e4 $5 {
should give Black sufficient play in an unclear position.}) 17. Rd2 (17. Rd3 $1
{Gershon}) 17... Nc6 (17... Nxf1 18. Rxf1 Nc6 19. Nxe5 Nxe5 20. fxe5 Bh6 21.
Bxe7 Rfb8 22. Rff2 Rb5 23. Bf6 Rd5 24. c4 Rc8 25. b3 Rc6 26. g4 $16 {Shirov,A 
(2709)-McNab,C (2456)/Gibraltar 2006/CBM 110 ext (1-0, 49)}) ({Gershon
recommends} 17... Bh6 $5 {as leading to approximate equality, but I have my
suspicions about moving with the bioshop for the second time before completing
the development of the opposite wing.}) 18. Bb5 Rfc8 19. Bxc6 Rxc6 20. Nxe5
Bxe5 21. fxe5 Nc4 22. Bxe7 Nxd2 23. Kxd2 Rb8 {and now, in Kasimdzhanov,R (2670)
-Svidler,P (2738)/San Luis 2005/CBM 110 (1/2-1/2, 25), White could have
consolidated his advantage with} 24. b3 $16 {acording to gershon.}) 13. Ba3 {
[%csl Yf4] White had a relatively wide choice here. The game move keeps the
kingside well defended, but leaves the bishop out of play in view of the
tactical operation carried out by Black in the game.} (13. Be3 {places the
bishop on an exposed square.} dxe5 $1 14. Qxd7 Nxe3 15. Qxb7 Nxd1 16. Nxd1 exf4
$44 {Black has the safer king, which could prove decisive in the future.}) (13.
Bg1 $5 {looks like the critical line.} Ndxe5 $6 {does not seem to work out
properly now} ({Black probably should try to starta slow queenside attack,
taking advantage of the white dark-squared bishop's absence from this wing with
} 13... Rc8) ({or} 13... Qa5 {, but his compensation is not entirely clear.})
14. fxe5 Bh6 15. Ng5 dxe5 (15... f6 16. Bc4+ Kh8 17. exf6 exf6 18. Bd4 $18) (
15... Nxe5 16. Be3 $1) 16. Bd3 (16. Be3 $2 Nxe3 17. Qxe3 Qb6 $1 {removes the
queen from the attacked square with gain of tempo, followed by ...f6.} 18. Qxb6
$4 {loses to} Bxg5+) (16. h4 $5) 16... f6 17. h4 fxg5 18. hxg5 Bg7 19. Qe2 $18
{[%csl Gg4]}) 13... Ndxe5 $1 14. fxe5 (14. Nxe5 dxe5 15. h3 Qxd2+ 16. Rxd2 Ne3
17. Bxe7 Rfe8 18. Bd6 (18. Bc5 exf4 $15 {[%csl Gg2]}) 18... e4 $44 {Black has
active play and a dangerous passed pawn.}) 14... Bh6 15. Ng5 Nxe5 $44 {White
will not be able to save his knight, because the bishop cannot interfere the
c1-h6 diagonal in any way.} 16. Kb1 (16. h4 f6 {tretrieves the piece.}) 16...
Qa5 $1 {Black completes his development by connecting rooks and creates the
threat of winning the knight back with ...f6.} (16... f6 $2 {is bad now
because of} 17. Ne6 $1 $18) 17. Qe3 f6 18. h4 Rf7 19. Nb5 fxg5 20. hxg5 Bg7 21.
Qh3 Bh8 $132 {Black has re-established the material equality and has entirely
adequate play. Soon, White will feel the passivity of his a3-bishop.} 22. Be2
Ba6 23. Rd5 Bc8 24. Qh4 Be6 25. Bb4 Qb6 26. Rdd1 a6 {Things have gone wrong
for White.} 27. Nxd6 {Desperation.} (27. Nc3 Nc6 {leaves White's pieces
hanging.}) (27. Nd4 Qxb4 28. c3 (28. Nxe6 $2 Nc4 $1 $19) 28... Bxa2+ 29. Kxa2
Qa4+ 30. Kb1 Rb8 $40) 27... exd6 28. Rxd6 Qe3 29. Rhd1 $2 (29. Bxa6 $17) 29...
Qxe2 $19 30. Rd8+ Rf8 31. Rh1 (31. Bxf8 Rxd8 $19 {[%cal Gh1a1,Ga1h1]}) 31...
Qh5 32. Qxh5 gxh5 33. Rxf8+ Rxf8 34. Bxf8 Kxf8 35. Rxh5 Bf5 36. Rh4 Ke7 37. Ra4
Bc8 38. Rh4 Bf5 39. Ra4 Nc6 40. Rxa6 Bxc2+ 41. Kc1 Be4 42. Ra4 Bg6 43. b4 Kd6
44. Kd2 Be5 45. Ke3 Bd4+ 46. Kd2 Be5 47. Ke3 Bd4+ 48. Kd2 Kd5 49. b5 Ne5 50.
Ra8 Nc4+ 51. Ke2 Nb6 52. Ra7 Bc2 53. Rc7 Bc5 54. Kd2 Bg6 55. Kc3 Bd6 56. Ra7
Kc5 57. a4 Nd5+ 58. Kb3 Nc7 59. Rb7 Be4 60. Rb8 Bxg2 61. Rd8 Bd5+ 62. Kc2 Ne6
63. Rd7 Be4+ 64. Kd1 Bc7 65. Ke2 Bb6 66. Rf7 Nxg5 67. Rf6 Bd5 68. Ke3 Nf7 69.
Kf4 Bc7+ 70. Ke3 Nd6 71. Rf8 h5 72. Rh8 Bf7 73. Kf4 Nxb5+ 74. Kg5 Nd6 75. Ra8
Bd5 76. Rf8 Bf7 77. Ra8 Kc6 78. Rh8 Ba5 79. Rh7 Bd2+ 80. Kf6 Bc3+ 81. Kg5 Bd2+
82. Kf6 Bc3+ 83. Kg5 Be8 84. Re7 Bd2+ 85. Kf6 h4 86. Rh7 Be1 87. Kg5 Bd7 88.
Rxh4 Bxh4+ 89. Kxh4 Kb6 90. a5+ Kxa5 91. Kg5 Kb5 92. Kf6 Kc5 93. Ke5 Bc8 94.
Kf6 Kd5 95. Kg5 Ke5 96. Kg6 Nf5 97. Kh7 Kf6 98. Kg8 Ng7 99. Kf8 Ba6 1/2-1/2